Estónsko: Razantný prechod k trhovej ekonomike sa odzrkadľuje na hospodárskom raste

Rýchly rozvoj trhového hospodárstva v Estónsku. Hlavné ekonomické ukazovatele Estónska v r. 1994 a 1995. 90-percentná privatizácia. Investície zo zahraničia. Poľnohospodárstvo. Významné priemyselné odvetvia.

Saved in:
Bibliographic Details
Main Author: Grossmann, M.
Format: Book Chapter
Language:Slovak
Subjects:
Tags: Add Tag
No Tags, Be the first to tag this record!

MARC

LEADER 00000naa a2200000 4500
001 r021489
005 20230921075210.0
041 0 |a slo 
044 |a SK 
245 1 0 |a Estónsko: Razantný prechod k trhovej ekonomike sa odzrkadľuje na hospodárskom raste  |c M. Grossmann 
520 |a Rýchly rozvoj trhového hospodárstva v Estónsku. Hlavné ekonomické ukazovatele Estónska v r. 1994 a 1995. 90-percentná privatizácia. Investície zo zahraničia. Poľnohospodárstvo. Významné priemyselné odvetvia. 
610 2 0 |a Estónsko 
610 2 0 |a vývoj hospodársky 
610 2 0 |a hospodárstvo trhové 
610 2 0 |a ukazovatele ekonomické 
610 2 0 |a privatizácia 
610 2 0 |a 1994 
610 2 0 |a 1995 
100 1 |a Grossmann, M.